Od cenových vojen k vojnám imidža

Udržanie sa v konkurenčnom prostredí a ovplyvňovanie vonkajších vnemov zákazníka. Charakteristika imidža. Faktory ovplyňujúce imidž. Imidž maloobchodného podniku. Meranie imidža.

Gespeichert in:
Bibliographische Detailangaben
1. Verfasser: Bzdúšek, Ivan
Format: Buchkapitel
Sprache:Slowakisch
Schlagworte:
Tags: Tag hinzufügen
Keine Tags, Fügen Sie das erste Tag hinzu!

MARC

LEADER 00000nla$a2200000$$$4500
001 0120554
005 20240502072346.0
041 0 |a slo 
044 |a SK 
245 1 0 |a Od cenových vojen k vojnám imidža  |c Ivan Bzdúšek 
520 |a Udržanie sa v konkurenčnom prostredí a ovplyvňovanie vonkajších vnemov zákazníka. Charakteristika imidža. Faktory ovplyňujúce imidž. Imidž maloobchodného podniku. Meranie imidža. 
610 2 0 |a imidž 
610 2 0 |a ceny 
610 2 0 |a produkty 
610 2 0 |a zákazníci 
610 2 0 |a komunikácia 
610 2 0 |a firmy 
610 2 0 |a maloobchod 
100 1 |a Bzdúšek, Ivan